000
00229nam a22000857a 4500
008
160705b xxu||||| |||| 00| 0 eng d
100
_9
2155
_a
Bakshi, R
245
_a
Tilli the Butterfly
260
_a
New Delhi
_b
National Book Trust
_c
1982
999
_c
1847
_d
1847